| 000 | 00858nam a22002057a 4500 | ||
|---|---|---|---|
| 999 |
_c19988 _d19988 |
||
| 003 | AR-CdUCM | ||
| 008 | 190503b ||||| |||| 00| 0 spa d | ||
| 040 |
_aMUNICIPALIDAD PROVINCIAL DEL CUSCO _cBIBLIOTECA MUNICIPAL DEL CUSCO |
||
| 082 |
_a081 / _bL44 _22ed |
||
| 100 |
_aLenin, Vladimir Ilich _92193 |
||
| 245 |
_aObras completas : _bMarzo 1912 - noviembre 1912 / |
||
| 260 |
_aArgentina : _bCartago, _c1970. |
||
| 300 |
_aXIX tomos ; _c20 cm. |
||
| 505 | _aContenido : t.18: Hambre -- El campesinado y las elecciones de la IV duma -- T. 19: Enfermedades del reformismo -- El empobrecimiento en la sociedad capitalista en Norteamérica -- La clase obrera y sus representantes parlamentarios... | ||
| 650 |
_aReformismo _936096 |
||
| 650 |
_aClase obrera _95867 |
||
| 650 |
_aReforma campesina _936097 |
||
| 942 |
_2ddc _cLIBROS |
||
| 945 |
_adavv _d2019-05-24 |
||